000 00528cam a22001577a 4500
008 180718b2001 xxu||||| |||| 00| 0 eng d
082 _aA81x54 01/25/PAP3/01
100 _aCensus of India 2001
245 _aGujarat: provisional population totals
260 _aDelhi
_bController of Publications
_c2001
300 _a272+p.
440 _aCensus of India 2001. Series-25, Gujarat. Paper-3 of 2001
500 _aContents: Workers and their characteristics
650 _aEmployees - India - Gujarat
650 _aGujarat - Census
999 _c478848
_d478848